| 000 | 00570nam a2200217Ia 4500 | ||
|---|---|---|---|
| 003 | 0100 | ||
| 005 | 20161201112546.0 | ||
| 008 | 130303s9999 xx 000 0 und d | ||
| 040 | _cARRUPELIB | ||
| 050 | _aLA1591.M35 2002 | ||
| 100 |
_aMcLaughlin, Janice _927650 |
||
| 245 | _aEducation with production in Zimbabwe | ||
| 245 | _bThe Story of ZIMFEP | ||
| 260 | _aHarare | ||
| 260 | _bZIMFEP andFEP | ||
| 300 | _a171p. | ||
| 300 | _b 22cm | ||
| 650 |
_aEducation and production _927769 |
||
| 650 |
_aEducation _zZimbabwe _927081 |
||
| 942 |
_2lcc _03 _cMONOGRAPH |
||
| 999 |
_c60127 _d60127 |
||